ბათუმის შოთა რუსთაველის სახელმწიფო უნივერსიტეტის ბიბლიოთეკა

Clinical guide to the diagnosis and treatment of mental disorders / (ბიბ.ჩანაწერი № 59819)

000 -LEADER
fixed length control field 01013cam a22002534a 4500
001 - CONTROL NUMBER
control field 14296723
005 - DATE AND TIME OF LATEST TRANSACTION
control field 20230425094119.0
008 - FIXED-LENGTH DATA ELEMENTS--GENERAL INFORMATION
fixed length control field 060310s2006 enka 001 0 eng
020 ## - INTERNATIONAL STANDARD BOOK NUMBER
International Standard Book Number 9780470019153x
041 ## - LANGUAGE CODE
Language code of text/sound track or separate title eng
080 ## - UNIVERSAL DECIMAL CLASSIFICATION NUMBER
Universal Decimal Classification number 616.896 F-56
100 1# - MAIN ENTRY--PERSONAL NAME
Personal name First, Michael B.
Dates associated with a name
9 (RLIN) 17766
245 10 - TITLE STATEMENT
Title Clinical guide to the diagnosis and treatment of mental disorders /
Statement of responsibility, etc. Michael B. First, Allan Tasman.
264 ## - PRODUCTION, PUBLICATION, DISTRIBUTION, MANUFACTURE, AND COPYRIGHT NOTICE
Place of production, publication, distribution, manufacture Hoboken :
Name of producer, publisher, distributor, manufacturer Wiley,
Date of production, publication, distribution, manufacture, or copyright notice 2006.
300 ## - PHYSICAL DESCRIPTION
Extent 483 p. :
Other physical details ill. ;
Dimensions 25 cm.
653 ## - INDEX TERM--UNCONTROLLED
keyword ფსიქიკური აშლილობა
653 ## - INDEX TERM--UNCONTROLLED
keyword მედიცინა
653 ## - INDEX TERM--UNCONTROLLED
keyword ფსიქიატრია
700 1# - ADDED ENTRY--PERSONAL NAME
Personal name Tasman, Allan
Dates associated with a name
9 (RLIN) 17767
856 41 - ELECTRONIC LOCATION AND ACCESS
Materials specified Table of contents
Uniform Resource Identifier http://www.loc.gov/catdir/toc/ecip0610/2006008578.html
856 42 - ELECTRONIC LOCATION AND ACCESS
Materials specified Publisher description
Uniform Resource Identifier http://www.loc.gov/catdir/enhancements/fy0659/2006008578-d.html
856 42 - ELECTRONIC LOCATION AND ACCESS
Materials specified Contributor biographical information
Uniform Resource Identifier http://www.loc.gov/catdir/enhancements/fy0740/2006008578-b.html
942 ## - ADDED ENTRY ELEMENTS (KOHA)
Source of classification or shelving scheme
Koha item type წიგნი
ეგზემპლარები
Withdrawn status Lost status Source of classification or shelving scheme Damaged status Not for loan Permanent Location Current Location Shelving location Date acquired Cost, normal purchase price Full call number Barcode Date last seen Copy number Uniform Resource Identifier Price effective from Koha item type Public note
          ბათუმის შოთა რუსთაველის სახელმწიფო უნივერსიტეტის მთავარი ბიბლიოთეკა ბათუმის შოთა რუსთაველის სახელმწიფო უნივერსიტეტის მთავარი ბიბლიოთეკა წიგნსაცავი 2023-04-25 147.00 616.896 F-56 29408 2023-04-25 29408 29408 2023-04-25 წიგნი 147 ლ.